000 00670nam a22002177a 4500
003 UA-OsUOA
001 39484
007 ta
008 20080423b un ||||| |||| 00| 0 ukr d
090 _a050
_bА57
942 _cMG
040 _aUA-OsUOA
_bukr
_cUA-OsUOA
_dUA-OsUOA
245 _aАльманах видавництва "Тризуб"
955 _a4
041 _aukr
080 _a050
260 _aВінніпег
310 _a1976, 1977, 1978, 1980
650 7 _a050 Серійні публікації. Періодика галузі, Організація та інші типи поєднання (співробітництва)
_2UDC
999 _c437992
_d437992